<?xml version="1.0" encoding="UTF-8"?>
<record
    xmlns:xsi="http://www.w3.org/2001/XMLSchema-instance"
    xsi:schemaLocation="http://www.loc.gov/MARC21/slim http://www.loc.gov/standards/marcxml/schema/MARC21slim.xsd"
    xmlns="http://www.loc.gov/MARC21/slim">

  <leader>00379nam a2200121   4500</leader>
  <controlfield tag="008">760.989.2 ES74l</controlfield>
  <datafield tag="082" ind1=" " ind2=" ">
    <subfield code="a">760.989.2</subfield>
    <subfield code="b">ES74l</subfield>
  </datafield>
  <datafield tag="100" ind1=" " ind2=" ">
    <subfield code="a">Escobar, Ticio</subfield>
    <subfield code="9">827</subfield>
  </datafield>
  <datafield tag="245" ind1=" " ind2=" ">
    <subfield code="a">El l&#xED;mite:</subfield>
    <subfield code="b">acerca de la obra gr&#xE1;fica de Osvaldo Palermo</subfield>
  </datafield>
  <datafield tag="260" ind1=" " ind2=" ">
    <subfield code="a">Asunci&#xF3;n</subfield>
    <subfield code="b">LAMARCA</subfield>
    <subfield code="c">1994</subfield>
  </datafield>
  <datafield tag="300" ind1=" " ind2=" ">
    <subfield code="a">24 p.</subfield>
    <subfield code="b">il.</subfield>
    <subfield code="c">33, 5 x 25 cm</subfield>
  </datafield>
  <datafield tag="650" ind1=" " ind2=" ">
    <subfield code="x">arte contempor&#xE1;neo</subfield>
    <subfield code="x">grabado</subfield>
    <subfield code="x">cr&#xED;tica</subfield>
    <subfield code="x">Paraguay</subfield>
    <subfield code="9">7106</subfield>
  </datafield>
  <datafield tag="999" ind1=" " ind2=" ">
    <subfield code="c">1815</subfield>
    <subfield code="d">1815</subfield>
  </datafield>
  <datafield tag="952" ind1=" " ind2=" ">
    <subfield code="0">0</subfield>
    <subfield code="1">0</subfield>
    <subfield code="2">ddc</subfield>
    <subfield code="4">0</subfield>
    <subfield code="7">0</subfield>
    <subfield code="a">LV</subfield>
    <subfield code="b">LV</subfield>
    <subfield code="c">Pensamiento</subfield>
    <subfield code="d">2019-07-11</subfield>
    <subfield code="l">0</subfield>
    <subfield code="o">760.989.2 ES74l</subfield>
    <subfield code="p">002303</subfield>
    <subfield code="r">2019-07-11 00:00:00</subfield>
    <subfield code="w">2019-07-11</subfield>
    <subfield code="y">01</subfield>
  </datafield>
</record>
